| 000 | 00962cam a2200289 i 4500 | ||
|---|---|---|---|
| 999 |
_c14426 _d14426 |
||
| 001 | 19392282 | ||
| 005 | 20190919094716.0 | ||
| 008 | 161201s2017 enk 000 0 eng | ||
| 010 | _a 2016054612 | ||
| 020 | _a978-1-138-69198-8 | ||
| 040 |
_aDLC _beng _cDLC _erda _dDLC |
||
| 042 | _apcc | ||
| 050 | 0 | 0 |
_aMT1 _b.C14 2017 |
| 082 | 0 | 0 |
_aDC 780.71 _22017 _bC123 |
| 100 | 1 |
_aCain, Tim, _eauthor. _939790 |
|
| 245 | 1 | 0 |
_aTeaching music differently / _cTim Cain and Joanna Cursley. |
| 260 |
_aNew York, NY : _bRoutledge, _c©2017. |
||
| 300 |
_avi, 209 pages ; _c24 cm |
||
| 504 | _aIncludes bibliographical references and index. | ||
| 650 | 0 |
_aMusic _xInstruction and study _vCase studies. _939791 |
|
| 650 | 0 |
_aMusic _xInstruction and study. _939792 |
|
| 700 | 1 |
_aCursley, Joanna, _eauthor. _939793 |
|
| 365 |
_b3,600.00 _cPhp |
||
| 906 |
_a7 _bcbc _corignew _d1 _eecip _f20 _gy-gencatlg |
||
| 942 |
_2ddc _cDC |
||